1072 1023 1123 1686 1677 1624 1328 1120 1879 1168 1644 1593 1806 1691 1777 1775 1366 1862 1612 1894 1101 1036 1005 1861 1566 1945 1292 1905 1263 1728 1507 1891 1300 1363 1300 1201 1774 1831 1394 1664 1720 1170 1145 1109 1669 1450 1339 1049 1093 1552 1670 1794 1990 1222 1316 1343 1494 1047 1588 1049 1995 1433 1840 1974 1896 1325 1278 1009 1744 1651 1117 1095 1508 1251 1299 1352 1800 1628 1267 1572 1126 1729 1015 1672 1970 1819 1317 1698 1055 1920 1250 1649 1056 1689 1878 1486 1157 1408 1953 BCNSPRNW ULIB Ver.6.0+V

เปลี่ยนเป็นภาษาไทย

Change to English
 แสดงรายละเอียดบรรณานุกรม
  กลับหน้าหลัก

Brief Record : Get Marc (ISO 2709) : E-mail record : QR code < ปิดหน้าต่าง
LEADER : 00000nam 2200000uu 4500
001    13399120852
003     ULIB
008    121019s2552||||th 000 0 tha d
020    ^a9789749307878
050 04 ^aBQ1460^bร556น 2552
100 0  ^aรื่นฤทัย สัจจพันธุ์
245 10 ^aนิทานชาดก ฉบับเปรียบเทียบ ในคัมภีร์มหาวัสดุและอรรถกถาชาดก/^cรื่นฤทัย สัจจพันธุ์
250    ^aพิมพ์ครั้งที่ 2
260    ^aกรุงเทพฯ :^bสถาพรบุ๊คส์,^c2552
300    ^a272 หน้า
500    ^aพิมพ์ครั้งที่ 3, 2 ในปีเดียวกัน
504    ^aบรรณานุกรม: หน้า 271-272
650  0 ^aJataka stories
650  7 ^aชาดก
650  7 ^aนิทานคติธรรม
945    ^p200^l0^i16578
995    ^aกัณชพร
999 ^a ใช้งานได้ทุกระบบ
รายการนี้ยังไม่มีแท็ก
คุณยังไม่ได้ล็อกอิน คุณสามารถมีกิจกรรมร่วมกับเว็บไซต์ได้ แต่ต้องล็อกอินก่อน ::
  ล็อกอิน

รายการสื่อสารสนเทศ

ลำดับที่ ประเภท เลขเรียก/บาร์โค้ด สถานที่ สถานะ
1. วิทยาศาสตร์การแพทย์ และสุขภาพ
วิทยาศาสตร์การแพทย์ และสุขภาพ
BQ1460 ร556น 2552  
  Barcode: 16578
ห้องสมุดวิทยาเขตสวรรค์ประชารักษ์
►หนังสือทั่วไป
บนชั้น

รายการใกล้เคียง
    ผู้แต่ง [รื่นฤทัย สัจจพันธุ์]

    หัวเรื่อง [Jataka stories]
    หัวเรื่อง [ชาดก]
    หัวเรื่อง [นิทานคติธรรม]

BibComment


ยังไม่เคยถูกคอมเมนท์

คอมเมนท์ทรัพยากรรายการนี้
  คอมเมนท์: นิทานชาดก ฉบับเป..


 Copyright 2026. Bcnsprnw @Library